000 00423nam a2200157 4500
003 OSt
005 20250405162929.0
007 tb
008 241019b |||||||| |||| 00| 1 fre d
040 _cautismepaimpol.fr
100 _aCollectif (auteur)
245 _aImages del'automne
260 _bEDITIONS LITO
_c1990
562 _d6 pages augmentées de nombreuses illustrations en couleur dans et hors texte
942 _c843.0692
999 _c129
_d129